00703nam a22001937a 4500999001500000001000500015003000900020005001700029008004100046040002800087082002200115245007900137260005300216300002300269650004900292710003600341942001200377952012000389 c6749d67492816BD-DhUAP20210106152118.0210106s1999 bg b 001 0 eng d aDLCcDLCdBD-DhUAPbEng00223a338.95492 PER10aPerceptions and reflections :bcollection of essays on development issues. aDhaka :bCentre for micro studies (CMS),cc1999. a75 pages ;c21 cm. aEconomic development and growthzBangladesh. aCentre for micro studies (CMS). 2ddccBK 00102ddc4070aUAPCLbUAPCLcGeneral Stacksd2021-01-06o338.95492 PERp3010002816r2021-01-06t1w2021-01-06yBK